| 000 | 00451nam a2200181Ia 4500 | ||
|---|---|---|---|
| 008 | 230612s9999 xx 000 0 und d | ||
| 041 | _aeng | ||
| 082 | _a621.3815 CLA | ||
| 100 | _aClayton G.B. | ||
| 245 | _aOperational Amplifiers | ||
| 250 | _a2nd ed. | ||
| 260 |
_c1980 _bELBS |
||
| 300 |
_a410 _cRef 147 E (2303) |
||
| 365 |
_cRs. _b248.50 |
||
| 700 | _aClayton G.B. | ||
| 906 |
_dB:45410-Sep-1993 _cETC _b62.12 |
||
| 999 |
_c166685 _d166685 |
||